| 000 | 01155cam a2200313 i 4500 | ||
|---|---|---|---|
| 001 | 65155 | ||
| 003 | Mx-PuUPA | ||
| 005 | 20221110122737.0 | ||
| 008 | 030303s1980 nyua gr 000 0 eng d | ||
| 017 | _aD.L.SE.23-2003 | ||
| 020 |
_a870705288 _qencuadernado en tela |
||
| 040 |
_aMx-PuUPA _bspa _cMx-PuUPA _dMx-PuUPA _erda |
||
| 041 | 0 | _aeng | |
| 245 | 1 | 0 |
_aPablo Picasso a retrospective / _cedited by William Rubin ; chronology by Jane Fluegel |
| 264 | 1 |
_aNew York, New York : _bThe Museum of Modern Art, _c©1980 |
|
| 300 |
_a463 páginas : _bilustraciones (principalmente en blanco y negro) ; _c29 cm |
||
| 336 |
_2rdacontent _atexto _btxt |
||
| 337 |
_2rdamedia _asin medio _bn |
||
| 338 |
_2rdacarrier _avolumen _bnc |
||
| 650 | 7 |
_2armarc _aMuseo de arte moderno (Nueva York, Ny) _vCatálogos |
|
| 650 | 7 |
_2armarc _aArte _zNueva York (Estado) _vCatálogos |
|
| 700 | 1 |
_aRubin, William, _eeditor |
|
| 700 | 1 |
_aFluegel, Jane, _eInvestigador |
|
| 942 |
_2ddc _cLI _h709.22 _iP112 |
||
| 999 |
_c65155 _d65155 |
||